=LDR 00000nam 2200000 4500 =001 INLIS000000000003193 =005 20130612091514 =008 ***********************************Ind** =035 ##$$a0010-061300000003193 =041 ##$$a Ind =082 ##$$a 657.42 =090 ##$$a 657.42, Mul a =100 ##$$a Mulyadi =245 ##$$a Akuntasi biaya / Mulyadi. -- =260 ##$$a 1999 $b Yogyakarta : Aditya Media =300 ##$$a xvi, 562 hlm. : ilus. ; 22 cm =650 ##$$a Akuntasi biaya =850 ##$$a NBPNMAT =990 ##$$a 90818/BPAP-NTB/2014 =990 ##$$a 92218/BPAP-NTB/2014 =990 ##$$a 92219/BPAP-NTB/2014 =990 ##$$a 21400361/BPAP-NTB/2014 =990 ##$$a 21400613/BPAP-NTB/20142014 =990 ##$$a 0001/BPAP-NTB/20142014 =990 ##$$a 1271612716 =990 ##$$a 01201436145 =990 ##$$a DW00012010 =990 ##$$a DW00012011 =990 ##$$a 90818/BPAP-NTB/2014 =990 ##$$a 92218/BPAP-NTB/2014 =990 ##$$a 92219/BPAP-NTB/2014 =990 ##$$a 21400361/BPAP-NTB/2014 =990 ##$$a 21400613/BPAP-NTB/20142014 =990 ##$$a 0001/BPAP-NTB/20142014